[Event "Laval op U1800"]
[Site "Laval CAN"]
[Date "2017.06.24"]
[Round "3.1"]
[White "Lesage, Philippe"]
[Black "Tinica, Gabriel"]
[Result "1/2-1/2"]
[WhiteElo "1757"]
[BlackElo "1722"]
[WhiteFideId "-1"]
[WhiteFideId "-1"]
[PlyCount "76"]
[GameId "2160767908411059"]
[EventDate "2017.06.23"]
[EventType "swiss"]
[EventRounds "5"]
[EventCountry "CAN"]

1. c4 Nf6 2. Nf3 g6 3. Nc3 Bg7 4. g3 O-O 5. Bg2 d6 6. d4 Nbd7 7. d5 a5 8. O-O Nc5 9. Be3 Na6 10. Bd4 h6 11. e4 e5 12. dxe6 Bxe6 13. Qa4 c6 14. Rad1 Re8 15. e5 dxe5 16. Bxe5 Qc8 17. Bxf6 Bxf6 18. Ne4 Be7 19. Nd6 Bxd6 20. Rxd6 Qc7 21. Rfd1 Nc5 22. Qa3 Ne4 23. R6d4 Nf6 24. Qc3 Red8 25. b3 c5 26. Rxd8+ Rxd8 27. Re1 Ne8 28. Ne5 b6 29. Nxg6 fxg6 30. Rxe6 Rd1+ 31. Re1 Rxe1+ 32. Qxe1 Qd7 33. Bd5+ Kg7 34. Qe5+ Nf6 35. Kg2 Qe8 36. Qc7+ Kh8 37. Qf4 Kg7 38. Qc7+ Qd7 1/2-1/2

[Event "Laval op U1800"]
[Site "Laval CAN"]
[Date "2017.06.25"]
[Round "4.1"]
[White "Lesage, Philippe"]
[Black "Fardin, Democri"]
[Result "0-1"]
[WhiteElo "1757"]
[BlackElo "1613"]
[WhiteFideId "-1"]
[WhiteFideId "-1"]
[PlyCount "138"]
[GameId "2160767908411060"]
[EventDate "2017.06.23"]
[EventType "swiss"]
[EventRounds "5"]
[EventCountry "CAN"]

1. c4 g6 2. Nf3 Bg7 3. Nc3 Nf6 4. g3 O-O 5. Bg2 c5 6. d4 cxd4 7. Nxd4 Nc6 8. O-O a6 9. c5 Nxd4 10. Qxd4 Ne8 11. Qb4 Rb8 12. Be3 b5 13. Rfd1 a5 14. Qb3 b4 15. Na4 d6 16. cxd6 exd6 17. Rac1 Nf6 18. Qd3 Be6 19. b3 d5 20. Bg5 Qe7 21. Rc5 Rfe8 22. Rdc1 Bf5 23. Qd4 Ne4 24. Qxg7+ Kxg7 25. Bxe7 Rxe7 26. Rxd5 Ra8 27. e3 Raa7 28. h3 h5 29. Kf1 Rec7 30. Rdd1 Nc3 31. Nxc3 bxc3 32. e4 Bd7 33. Ke1 a4 34. b4 a3 35. Bf1 Rab7 36. Rxd7 Rxd7 37. Rxc3 Rxb4 38. Rxa3 Rxe4+ 39. Re3 Rb4 40. Rb3 Re7+ 41. Kd2 Ra4 42. Rb2 Rea7 43. Ke3 Rxa2 44. Rb4 R7a3+ 45. Bd3 Ra1 46. Ke2 R3a2+ 47. Kf3 Ra3 48. Ke3 R1a2 49. Rf4 Rb2 50. g4 Rbb3 51. Rd4 hxg4 52. hxg4 Kf6 53. f4 Kg7 54. g5 Kf8 55. Ke4 Ke7 56. Rd5 Rb4+ 57. Ke3 Ke6 58. Rd8 Rbb3 59. Rd4 Rb6 60. Ke4 Ra1 61. Bc4+ Ke7 62. Rd5 Rb4 63. Re5+ Kd6 64. Kd3 Rxc4 65. Kxc4 Ra4+ 66. Kd3 Rxf4 67. Ra5 Rf5 68. Ra6+ Ke7 69. Ra7+ Kf8 0-1

[Event "Laval op U1800"]
[Site "Laval CAN"]
[Date "2017.06.25"]
[Round "5.1"]
[White "Fardin, Democri"]
[Black "Tinica, Gabriel"]
[Result "1/2-1/2"]
[WhiteElo "1613"]
[BlackElo "1722"]
[WhiteFideId "-1"]
[WhiteFideId "-1"]
[PlyCount "76"]
[GameId "2160767908411061"]
[EventDate "2017.06.23"]
[EventType "swiss"]
[EventRounds "5"]
[EventCountry "CAN"]

1. e4 c5 2. Nf3 e6 3. d4 cxd4 4. Nxd4 a6 5. Nc3 Qc7 6. g3 Be7 7. Bg2 d6 8. O-O Nf6 9. Be3 Nbd7 10. Qe2 Rb8 11. a4 Ne5 12. h3 Bd7 13. f4 Nc4 14. Bc1 Qc5 15. Qf2 h6 16. b3 Na5 17. Na2 Nc6 18. Be3 Nxd4 19. Bxd4 Qc7 20. e5 Nh7 21. exd6 Bxd6 22. Bxg7 Rg8 23. Bd4 Rc8 24. c4 Bc5 25. Bxc5 Qxc5 26. Qxc5 Rxc5 27. Kh2 b5 28. cxb5 axb5 29. Rac1 Rxc1 30. Rxc1 bxa4 31. bxa4 Ke7 32. a5 Nf6 33. Nb4 Rb8 34. Nc6+ Bxc6 35. Rxc6 Nd5 36. a6 Rb2 37. Rc1 Ra2 38. Re1 Kd6 1/2-1/2

[Event "Levis op"]
[Site "Levis CAN"]
[Date "2017.11.03"]
[Round "1"]
[White "Caire, Francois"]
[Black "Potvin, Alain-Nicolas"]
[Result "1-0"]
[WhiteElo "2212"]
[BlackElo "1790"]
[WhiteFideId "-1"]
[WhiteFideId "-1"]
[PlyCount "47"]
[GameId "2160767738923090"]
[EventDate "2017.11.03"]
[EventType "swiss"]
[EventRounds "5"]
[EventCountry "CAN"]
[TimeControl "600+2"]

1. Nf3 Nf6 2. c4 g6 3. g3 Bg7 4. Bg2 d6 5. d4 c6 6. Nc3 O-O 7. O-O Qa5 8. e4 Qh5 9. e5 dxe5 10. Nxe5 Qxd1 11. Rxd1 Be6 12. h3 h5 13. Bg5 Na6 14. Rd2 Rfe8 15. Kh2 Rad8 16. Rad1 Nd7 17. Nf3 Nb6 18. b3 c5 19. Nb5 cxd4 20. Nfxd4 Bxd4 21. Nxd4 Bc8 22. Nb5 Rxd2 23. Rxd2 Nc5 24. Nc7 1-0

[Event "Levis op"]
[Site "Levis CAN"]
[Date "2017.11.03"]
[Round "1"]
[White "Tremblay-Alix, Eric"]
[Black "Hirschberg, Valerian"]
[Result "0-1"]
[WhiteElo "2321"]
[BlackElo "1851"]
[WhiteFideId "-1"]
[WhiteFideId "-1"]
[PlyCount "50"]
[GameId "2160767738923091"]
[EventDate "2017.11.03"]
[EventType "swiss"]
[EventRounds "5"]
[EventCountry "CAN"]
[TimeControl "600+2"]

1. Nf3 c5 2. c4 Nf6 3. Nc3 d5 4. cxd5 Nxd5 5. e4 Nb4 6. d4 cxd4 7. Nb5 d3 8. Na3 N8c6 9. Bf4 Bg4 10. Qa4 Bxf3 11. gxf3 a6 12. Rc1 e5 13. Be3 Be7 14. Rc3 Qd7 15. Qd1 Rd8 16. Bd2 O-O 17. Rg1 Nd4 18. Bh6 Bf6 19. Rg3 Ndc2+ 20. Kd2 Qe6 21. Bh3 Qe7 22. Qg1 g6 23. Bxf8 Qxf8 24. Bf1 Qh6+ 25. Kd1 Nxa2 0-1

[Event "Levis op"]
[Site "Levis CAN"]
[Date "2017.11.04"]
[Round "2"]
[White "Hirschberg, Valerian"]
[Black "Cossette, Daniel"]
[Result "1-0"]
[WhiteElo "2321"]
[BlackElo "2078"]
[WhiteFideId "-1"]
[WhiteFideId "-1"]
[PlyCount "63"]
[GameId "2160767908317372"]
[EventDate "2017.11.03"]
[EventType "swiss"]
[EventRounds "5"]
[EventCountry "CAN"]

1. Nf3 d5 2. g3 e6 3. Bg2 c5 4. O-O Nf6 5. c4 Nc6 6. d4 Be7 7. cxd5 exd5 8. dxc5 Bxc5 9. Bg5 O-O 10. Nc3 d4 11. Bxf6 Qxf6 12. Nd5 Qd8 13. Nd2 Bg4 14. Nb3 Bb6 15. a4 Re8 16. Re1 Ba5 17. Nxa5 Qxa5 18. b4 Nxb4 19. Qd2 Nc6 20. Qxa5 Nxa5 21. f3 Bf5 22. Nc7 Nc4 23. Nxa8 Rxa8 24. Rec1 Ne3 25. Rc7 Rb8 26. g4 Bg6 27. Rac1 h6 28. Rc8+ Rxc8 29. Rxc8+ Kh7 30. Rc7 Bc2 31. a5 b5 32. Rxa7 1-0

[Event "Levis op"]
[Site "Levis CAN"]
[Date "2017.11.04"]
[Round "2"]
[White "Lessard, Claude"]
[Black "Caire, Francois"]
[Result "1-0"]
[WhiteElo "2118"]
[BlackElo "2212"]
[WhiteFideId "-1"]
[WhiteFideId "-1"]
[PlyCount "61"]
[GameId "2160767738923092"]
[EventDate "2017.11.03"]
[EventType "swiss"]
[EventRounds "5"]
[EventCountry "CAN"]
[TimeControl "600+2"]

1. d4 Nf6 2. c4 e6 3. Nc3 Bb4 4. f3 O-O 5. Nh3 d5 6. g3 Bxc3+ 7. bxc3 c5 8. e3 b6 9. cxd5 exd5 10. Nf2 Re8 11. Bb5 Re6 12. O-O Ba6 13. a4 cxd4 14. cxd4 Bxb5 15. axb5 a5 16. bxa6 Rxa6 17. Rxa6 Nxa6 18. Nd3 Nb8 19. Bd2 Nc6 20. Qa4 Na5 21. Ne5 Ne8 22. Ra1 f6 23. Nd3 Nc4 24. Nf4 Re7 25. Bb4 Rxe3 26. Qc6 Na5 27. Bxa5 bxa5 28. Nxd5 Re2 29. Qc4 Kf8 30. Qxe2 Qxd5 31. Qe4 1-0

[Event "Levis op"]
[Site "Levis CAN"]
[Date "2017.11.04"]
[Round "2"]
[White "Zheng, Richard"]
[Black "Mercure, Gilbert"]
[Result "1-0"]
[WhiteElo "2153"]
[BlackElo "1858"]
[WhiteFideId "-1"]
[WhiteFideId "-1"]
[PlyCount "95"]
[GameId "2160767738923093"]
[EventDate "2017.11.03"]
[EventType "swiss"]
[EventRounds "5"]
[EventCountry "CAN"]
[TimeControl "600+2"]

1. d4 d5 2. c4 Nc6 3. Nc3 dxc4 4. e3 Bf5 5. Bxc4 e6 6. Nge2 Bb4 7. O-O Nf6 8. f3 O-O 9. e4 Bxc3 10. bxc3 Na5 11. Bb5 c6 12. Bd3 Bg6 13. Bg5 Qc7 14. Bxf6 gxf6 15. h4 Kh8 16. Kf2 f5 17. exf5 exf5 18. Qd2 Kg7 19. Nf4 h6 20. g3 c5 21. Rac1 Rae8 22. Qc2 cxd4 23. cxd4 Qxc2+ 24. Rxc2 Rc8 25. Rfc1 Rxc2+ 26. Rxc2 Nc6 27. d5 Nb4 28. Rc7 Nxd3+ 29. Nxd3 Kf6 30. Rxb7 Ra8 31. Nf4 h5 32. Rd7 a5 33. Ke3 Ke5 34. Nd3+ Kf6 35. Kd4 Ra6 36. f4 a4 37. Rc7 Ra8 38. Nc5 Rd8 39. Nxa4 Ra8 40. Nc3 Ra3 41. Rb7 Kg7 42. d6 Kf6 43. d7 Ra8 44. Nd5+ Kg7 45. Rc7 Rd8 46. Ke5 f6+ 47. Ke6 Be8 48. Ke7 1-0

[Event "Levis op"]
[Site "Levis CAN"]
[Date "2017.11.04"]
[Round "3"]
[White "Caire, Francois"]
[Black "Tremblay-Alix, Eric"]
[Result "1-0"]
[WhiteElo "2212"]
[BlackElo "1851"]
[WhiteFideId "-1"]
[WhiteFideId "-1"]
[PlyCount "57"]
[GameId "2160767908317373"]
[EventDate "2017.11.03"]
[EventType "swiss"]
[EventRounds "5"]
[EventCountry "CAN"]

1. e4 e5 2. f4 exf4 3. Nf3 g5 4. h4 g4 5. Ne5 Qe7 6. d4 d6 7. Nxg4 Qxe4+ 8. Qe2 f5 9. Nf2 Qxe2+ 10. Bxe2 Nf6 11. Bxf4 Nc6 12. c3 Bd7 13. Nd2 O-O-O 14. O-O-O Nd5 15. Bg5 Re8 16. Bh5 h6 17. Bxe8 Bxe8 18. c4 hxg5 19. cxd5 Nxd4 20. hxg5 Rg8 21. Nf3 Ne2+ 22. Kc2 Bf7 23. Nh3 Ng3 24. Rh2 Be7 25. Nf4 Kd7 26. Rh7 Bg6 27. Nxg6 Rxg6 28. Re1 Ne4 29. g4 1-0

[Event "Levis op"]
[Site "Levis CAN"]
[Date "2017.11.04"]
[Round "3"]
[White "Lessard, Claude"]
[Black "Hirschberg, Valerian"]
[Result "1/2-1/2"]
[WhiteElo "2118"]
[BlackElo "2321"]
[WhiteFideId "-1"]
[WhiteFideId "-1"]
[PlyCount "91"]
[GameId "2160767738923094"]
[EventDate "2017.11.03"]
[EventType "swiss"]
[EventRounds "5"]
[EventCountry "CAN"]
[TimeControl "600+2"]

1. d4 d5 2. c4 dxc4 3. Nf3 Nf6 4. e3 a6 5. Bxc4 e6 6. O-O b5 7. Be2 Bb7 8. Nbd2 Nbd7 9. a4 b4 10. Nc4 c5 11. b3 Be7 12. Bb2 O-O 13. Rc1 Ne4 14. Nfe5 Nxe5 15. dxe5 Bd5 16. f3 Bxc4 17. Rxc4 Nd2 18. Qc2 Nxf1 19. Kxf1 Qd7 20. Bc1 a5 21. e4 Qc7 22. f4 Rac8 23. Be3 Rfd8 24. Kg1 Rd7 25. Kf1 Qd8 26. Kg1 Kh8 27. Kf1 Qc7 28. Kg1 Rdd8 29. Kf1 Rf8 30. Kg1 g5 31. fxg5 Qxe5 32. Bd4 cxd4 33. Rxc8 Rxc8 34. Qxc8+ Kg7 35. Qc2 Bxg5 36. g3 Be3+ 37. Kg2 Qf6 38. Bd3 Qg5 39. Qe2 Bd2 40. Kh3 Qh6+ 41. Kg2 Qe3 42. Qxe3 dxe3 43. Kf3 h6 44. e5 Kf8 45. Ke4 Ke7 46. Be2 1/2-1/2

[Event "Levis op"]
[Site "Levis CAN"]
[Date "2017.11.04"]
[Round "3"]
[White "Liard, Serge"]
[Black "Richard, Zheng"]
[Result "0-1"]
[WhiteElo "1953"]
[BlackElo "2153"]
[WhiteFideId "-1"]
[WhiteFideId "-1"]
[PlyCount "88"]
[GameId "2160767738923095"]
[EventDate "2017.11.03"]
[EventType "swiss"]
[EventRounds "5"]
[EventCountry "CAN"]
[TimeControl "600+2"]

1. e4 e5 2. Nf3 Nc6 3. Bb5 a6 4. Ba4 b5 5. Bb3 d6 6. h3 Be7 7. c3 Nf6 8. O-O O-O 9. Re1 Bb7 10. d3 Nd7 11. d4 Bf6 12. d5 Ne7 13. Be3 h6 14. Nbd2 Kh7 15. Nf1 g6 16. g4 Bg7 17. g5 h5 18. Ng3 Nb6 19. Nxh5 gxh5 20. Nh4 Rh8 21. Qxh5+ Kg8 22. Qg4 Bc8 23. Nf5 Qd7 24. Bxb6 cxb6 25. Bc2 Ng6 26. Re3 Kf8 27. Rg3 Rh7 28. Qf3 Ke8 29. a4 Bf8 30. axb5 a5 31. Qe3 Nf4 32. b4 a4 33. Bxa4 Qc7 34. c4 Qxc4 35. Qxb6 Ne2+ 36. Kh2 Nxg3 37. Qc6+ Qxc6 38. bxc6 Nxf5 39. b5 Rb8 40. c7 Rb6 41. exf5 Rh4 42. Bb3 Kd7 43. Ra7 Rb7 44. Ra6 Kxc7 0-1

[Event "Levis op"]
[Site "Levis CAN"]
[Date "2017.11.05"]
[Round "4"]
[White "Hirschberg, Valerian"]
[Black "Caire, Francois"]
[Result "1/2-1/2"]
[WhiteElo "2321"]
[BlackElo "2212"]
[WhiteFideId "-1"]
[WhiteFideId "-1"]
[PlyCount "144"]
[GameId "2160767908317374"]
[EventDate "2017.11.03"]
[EventType "swiss"]
[EventRounds "5"]
[EventCountry "CAN"]

1. Nf3 Nf6 2. g3 b6 3. Bg2 Bb7 4. O-O e6 5. c4 Be7 6. Nc3 O-O 7. d4 Ne4 8. Qd3 Nxc3 9. Qxc3 c5 10. Rd1 d6 11. b3 Bf6 12. Bb2 Nd7 13. Qd2 Qe7 14. Qc2 g6 15. Rd2 Rfd8 16. Rad1 Bg7 17. Bc3 Rac8 18. dxc5 Bxc3 19. Qxc3 Nxc5 20. Qe3 Ne4 21. Rd4 Nf6 22. Ne1 Bxg2 23. Nxg2 Rd7 24. Qf3 Ne8 25. Ne3 Rdc7 26. R4d2 Rc5 27. Qe4 Re5 28. Qf4 Rec5 29. Ng2 Kg7 30. Qd4+ Qf6 31. e4 Qxd4 32. Rxd4 Kf6 33. Ne3 Ke7 34. Kg2 R5c6 35. f4 R8c7 36. Kf3 Nf6 37. g4 Ne8 38. g5 Kf8 39. R4d3 Kg7 40. h4 h6 41. Nc2 Rc5 42. Nd4 a6 43. f5 gxf5 44. exf5 hxg5 45. hxg5 d5 46. cxd5 Rxd5 47. Kg4 Rcc5 48. b4 Rc4 49. fxe6 fxe6 50. Kf3 Kf7 51. g6+ Kxg6 52. Nxe6 Rf5+ 53. Kg3 Rxb4 54. Nd4 Rd5 55. Nc6 Rxd3+ 56. Rxd3 Ra4 57. Rd2 Nf6 58. Kf3 Kf5 59. Nd4+ Ke5 60. Nb3 Nd5 61. Nc1 Ra3+ 62. Kf2 Nc3 63. Rd3 Ne4+ 64. Ke3 Ra4 65. Rb3 b5 66. Nd3+ Kd5 67. Rb4 Nc5 68. Rxa4 Nxa4 69. Nb4+ Kc4 70. Nxa6 Nc3 71. Nc7 Nxa2 72. Nxb5 Kxb5 1/2-1/2

[Event "Levis op"]
[Site "Levis CAN"]
[Date "2017.11.05"]
[Round "4"]
[White "Zheng, Richard"]
[Black "Lessard, Claude"]
[Result "0-1"]
[WhiteElo "2153"]
[BlackElo "2118"]
[WhiteFideId "-1"]
[WhiteFideId "-1"]
[PlyCount "148"]
[GameId "2160767738923096"]
[EventDate "2017.11.03"]
[EventType "swiss"]
[EventRounds "5"]
[EventCountry "CAN"]
[TimeControl "600+2"]

1. d4 Nf6 2. c4 c5 3. d5 b5 4. cxb5 e6 5. Nc3 exd5 6. Nxd5 Bb7 7. Bg5 Be7 8. Bxf6 Bxf6 9. Nxf6+ Qxf6 10. Qd2 a6 11. Qe3+ Qe7 12. bxa6 Nxa6 13. Rc1 Qxe3 14. fxe3 d6 15. a3 Rb8 16. Rc2 Be4 17. Rd2 Ke7 18. Nf3 Rb3 19. Kf2 Rhb8 20. g3 Rxb2 21. Bg2 Rxd2 22. Nxd2 Bxg2 23. Kxg2 Rb2 24. Rd1 d5 25. Kf3 c4 26. Nb1 Rb3 27. Rc1 Kd6 28. Nc3 Kc6 29. Nb1 Nc5 30. Nd2 Rxa3 31. Nxc4 dxc4 32. Rxc4 Ra4 33. Rc2 Kd6 34. Rb2 Ne6 35. Rb3 Ng5+ 36. Kg2 Ra2 37. h4 Ne6 38. Kf3 Ra5 39. Rd3+ Ke7 40. e4 Ra4 41. e3 Ra1 42. Rd5 Ra2 43. Rb5 Ra3 44. Kf2 Rc3 45. Rd5 g6 46. Kf3 h5 47. Rd2 Nc5 48. Rd4 Nd7 49. Kf2 f6 50. Rd2 Rc1 51. Kf3 Ne5+ 52. Ke2 Rh1 53. Rd4 Ng4 54. Rd3 Rh2+ 55. Kf1 Rf2+ 56. Kg1 Re2 57. Rd4 Rxe3 58. Kg2 Re2+ 59. Kf1 Rf2+ 60. Kg1 Ra2 61. Rb4 Ke6 62. Rb8 Re2 63. Re8+ Kf7 64. Ra8 Rxe4 65. Ra6 Re2 66. Kf1 Rb2 67. Kg1 Ne3 68. Ra3 Nf5 69. Kf1 Rb4 70. Kg2 Rg4 71. Kf2 Rxg3 72. Rxg3 Nxg3 73. Kxg3 Ke6 74. Kf4 Kd5 0-1

[Event "Levis op"]
[Site "Levis CAN"]
[Date "2017.11.05"]
[Round "5"]
[White "Caire, Francois"]
[Black "Stoyanova, Stela"]
[Result "1-0"]
[WhiteElo "2212"]
[BlackElo "1636"]
[WhiteFideId "-1"]
[WhiteFideId "-1"]
[PlyCount "45"]
[GameId "2160767908317375"]
[EventDate "2017.11.03"]
[EventType "swiss"]
[EventRounds "5"]
[EventCountry "CAN"]

1. d4 Nf6 2. c4 c6 3. Nc3 e6 4. e4 Qa5 5. Bd3 d5 6. cxd5 exd5 7. e5 Ne4 8. Bxe4 dxe4 9. Nge2 Bg4 10. O-O Na6 11. Nxe4 O-O-O 12. Be3 Qxe5 13. dxe5 Rxd1 14. Rfxd1 Bxe2 15. Rd2 Bg4 16. f3 Be6 17. Bxa7 Kc7 18. Be3 Nb4 19. Nc3 Be7 20. f4 b6 21. a3 Ra8 22. Rc1 Na6 23. f5 1-0

[Event "Levis op"]
[Site "Levis CAN"]
[Date "2017.11.05"]
[Round "5"]
[White "Cossette, Daniel"]
[Black "Lessard, Claude"]
[Result "1-0"]
[WhiteElo "2078"]
[BlackElo "2118"]
[WhiteFideId "-1"]
[WhiteFideId "-1"]
[PlyCount "65"]
[GameId "2160767908317376"]
[EventDate "2017.11.03"]
[EventType "swiss"]
[EventRounds "5"]
[EventCountry "CAN"]

1. e4 e6 2. d4 c5 3. Nf3 cxd4 4. Nxd4 Nf6 5. Nc3 Bb4 6. e5 Nd5 7. Qg4 Kf8 8. Bd2 Nxc3 9. bxc3 Be7 10. Bd3 d6 11. f4 h5 12. Qe2 dxe5 13. fxe5 Bh4+ 14. g3 Bg5 15. O-O Bxd2 16. Qxd2 Nc6 17. Nxc6 bxc6 18. Qf4 Qe7 19. Bg6 f5 20. exf6 gxf6 21. Qxf6+ Qxf6 22. Rxf6+ Ke7 23. Rf7+ Kd6 24. Rd1+ Kc5 25. Rf4 Rh6 26. Be4 e5 27. Rf8 Bg4 28. Rxa8 Bxd1 29. Rxa7 h4 30. Rh7 Rxh7 31. Bxh7 hxg3 32. hxg3 Bg4 33. Bd3 1-0

[Event "Levis op"]
[Site "Levis CAN"]
[Date "2017.11.05"]
[Round "5"]
[White "Hirschberg, Valerian"]
[Black "Zheng, Richard"]
[Result "1/2-1/2"]
[WhiteElo "2321"]
[BlackElo "2153"]
[WhiteFideId "-1"]
[WhiteFideId "-1"]
[PlyCount "98"]
[GameId "2160767908317377"]
[EventDate "2017.11.03"]
[EventType "swiss"]
[EventRounds "5"]
[EventCountry "CAN"]

1. Nf3 d5 2. g3 g6 3. Bg2 Bg7 4. c4 e6 5. O-O c6 6. d4 Nf6 7. Qc2 Nbd7 8. Nbd2 O-O 9. e4 h6 10. e5 Nh7 11. b4 b6 12. cxd5 cxd5 13. a4 a6 14. Qd3 Re8 15. Bb2 Bb7 16. b5 a5 17. Rfc1 Rc8 18. Ba3 Bf8 19. Rxc8 Qxc8 20. Rc1 Qb8 21. Bxf8 Rxf8 22. h4 Kg7 23. Bh3 Rc8 24. Rc3 Rxc3 25. Qxc3 Qc8 26. Qb2 Qc7 27. Ne1 Bc8 28. Nd3 Ndf8 29. f4 Bd7 30. Kf2 Qd8 31. Qc1 Qc8 32. Qxc8 Bxc8 33. Nb3 Nd7 34. Bf1 Kf8 35. Be2 Ke7 36. g4 Ke8 37. Ne1 f6 38. Bd3 f5 39. h5 Ndf8 40. Ng2 Kf7 41. hxg6+ Nxg6 42. gxf5 exf5 43. Kf3 Nhf8 44. Nc1 Ne6 45. Ne2 Ng7 46. Ne3 Be6 47. Bc2 Ne7 48. Bb3 Ne8 49. Nc3 Nc7 1/2-1/2

[Event "Ligue des clubs 2017-18"]
[Site "Sherbrooke/Chambly CAN"]
[Date "2017.12.09"]
[Round "3"]
[White "Beaudry, Marc-Andre"]
[Black "Bisaillon, Marc"]
[Result "1/2-1/2"]
[WhiteElo "2032"]
[BlackElo "1707"]
[WhiteFideId "-1"]
[WhiteFideId "-1"]
[PlyCount "75"]
[GameId "2160767908292135"]
[EventDate "2017.12.20"]
[EventType "team"]
[EventRounds "6"]
[EventCountry "CAN"]

1. e4 d5 2. exd5 Nf6 3. d4 Bg4 4. Nf3 Qxd5 5. Nc3 Bxf3 6. Nxd5 Bxd1 7. Nxf6+ exf6 8. Kxd1 Bd6 9. Bb5+ c6 10. Re1+ Kd7 11. Bc4 Rf8 12. a4 Kc7 13. c3 a5 14. Kc2 Nd7 15. g3 Nb6 16. Bb3 Rae8 17. Bd2 Nd5 18. Kd3 Re6 19. Bxd5 cxd5 20. c4 dxc4+ 21. Kxc4 b6 22. Kb5 Rfe8 23. Be3 Re4 24. Rec1+ Kb7 25. Rc4 R8e5+ 26. dxe5 Rxe5+ 27. Bc5 bxc5 28. Rc2 Re4 29. Rc4 Re2 30. Rh4 g5 31. Rxh7 Re4 32. Rxf7+ Be7 33. Rxe7+ Rxe7 34. Kc4 Re2 35. b3 Rxf2 36. Rh1 g4 37. h4 gxh3 38. Rxh3 1/2-1/2

[Event "Ligue des clubs 2017-18"]
[Site "Sherbrooke/Chambly CAN"]
[Date "2017.12.09"]
[Round "4"]
[White "Beaudry, Marc-Andre"]
[Black "Dupuis, Pierre1"]
[Result "1-0"]
[WhiteElo "2032"]
[BlackElo "1913"]
[WhiteFideId "-1"]
[WhiteFideId "-1"]
[PlyCount "127"]
[GameId "2160767908292136"]
[EventDate "2017.12.20"]
[EventType "team"]
[EventRounds "6"]
[EventCountry "CAN"]
[SourceTitle "mab"]

1. e4 d5 2. exd5 Nf6 3. d4 Bg4 4. Nf3 Qxd5 5. Nc3 Qh5 6. Be2 e6 7. h3 Nc6 8. O-O Bxh3 9. gxh3 Qxh3 10. Re1 Bd6 11. Bf1 Qg4+ 12. Bg2 O-O-O 13. Be3 h5 14. Ng5 Qh4 15. Qf3 Rd7 16. Qh3 Qxh3 17. Bxh3 Nb4 18. Rac1 Ng4 19. Bxg4 hxg4 20. a3 Nc6 21. Nge4 Be7 22. Ne2 Rd5 23. Kg2 e5 24. N4c3 Rd7 25. dxe5 Nxe5 26. Rh1 Rg8 27. Rcd1 f5 28. Rxd7 Kxd7 29. Rh7 Nc4 30. Bc1 c6 31. Nd4 Nd6 32. Bf4 Bf6 33. Nce2 c5 34. Bxd6 cxd4 35. Bc5 d3 36. cxd3 Bxb2 37. a4 b6 38. Bd4 Bxd4 39. Nxd4 f4 40. Nf5 Ke6 41. Rxg7 Rd8 42. Nh6 Rxd3 43. Rxg4 Rd4 44. a5 Rb4 45. axb6 axb6 46. Kf3 Ke5 47. Rg8 Rb3+ 48. Kg4 Rb2 49. Re8+ Kf6 50. f3 b5 51. Kxf4 b4 52. Ng4+ Kf7 53. Rb8 b3 54. Ne5+ Ke6 55. Nd3 Rb1 56. Rxb3 Rf1 57. Rb6+ Ke7 58. Ne5 Ra1 59. Kf5 Ra8 60. Rb7+ Ke8 61. f4 Kd8 62. Rb6 Kc8 63. Kf6 Ra7 64. f5 1-0

[Event "Ligue des clubs 2017-18"]
[Site "Sherbrooke/Chambly CAN"]
[Date "2018.03.04"]
[Round "5"]
[White "Beaudry, Marc-Andre"]
[Black "Marcone, Malcom"]
[Result "0-1"]
[Annotator ",Hugh"]
[WhiteElo "2024"]
[BlackElo "2005"]
[WhiteFideId "-1"]
[WhiteFideId "-1"]
[PlyCount "48"]
[GameId "2160767739837750"]
[EventDate "2017.12.20"]
[EventType "team"]
[EventRounds "6"]
[EventCountry "CAN"]
[SourceTitle "mab"]

1. c4 b6 2. d4 e6 3. d5 Qh4 4. e3 Bb7 5. a3 Nf6 6. Nc3 Ne4 7. Nxe4 Qxe4 8. f3 Qe5 9. f4 Qe4 10. dxe6 Qxe6 11. Nf3 Nc6 12. Bd3 Bc5 13. Kf2 a5 14. Re1 O-O-O 15. Qc2 Qf6 16. Bd2 Rhe8 17. Kf1 d5 18. cxd5 Rxd5 19. Bc4 Rh5 20. Rac1 g5 21. fxg5 Rxg5 22. Bc3 Qh6 23. Nxg5 Qxg5 24. Qf2 Ne5 {etc. (25)} 0-1

[Event "Ligue elite du dimanche"]
[Site "Montreal CAN"]
[Date "2017.01.29"]
[Round "2"]
[White "Huang, Qiuyu"]
[Black "Zhu, Hong Rui"]
[Result "0-1"]
[WhiteElo "2165"]
[BlackElo "2313"]
[WhiteFideId "-1"]
[WhiteFideId "-1"]
[PlyCount "140"]
[GameId "2160767908478807"]
[EventDate "2017.01.21"]
[EventType "swiss"]
[EventRounds "5"]
[EventCountry "CAN"]
[SourceTitle "EXT 2022"]
[Source "ChessBase"]
[SourceDate "2021.10.06"]
[SourceVersion "1"]
[SourceVersionDate "2021.10.06"]
[SourceQuality "1"]

1. e4 c5 2. Nf3 g6 3. d4 cxd4 4. Nxd4 Nc6 5. Nc3 Bg7 6. Be3 Nf6 7. Bc4 O-O 8. Bb3 d6 9. f3 Bd7 10. Qd2 Rc8 11. O-O-O Nxd4 12. Bxd4 b5 13. Nd5 Nxd5 14. Bxg7 Kxg7 15. exd5 a5 16. a3 Kg8 17. h4 b4 18. a4 Qe8 19. h5 Bxa4 20. Qh6 g5 21. Qxg5+ Kh8 22. Qe3 Bxb3 23. Qxb3 Qb5 24. Kb1 Rc7 25. Qd3 Qxd3 26. Rxd3 Rfc8 27. Rd2 Kg7 28. g4 Rc4 29. Re1 Kf6 30. b3 Rf4 31. Rd3 Rc7 32. Kc1 h6 33. Kd2 Kg5 34. Ra1 f5 35. gxf5 Rh4 36. c4 bxc3+ 37. Rxc3 Rxc3 38. Kxc3 Rf4 39. Rxa5 Rxf3+ 40. Kb2 Rf2+ 41. Kc3 Rxf5 42. Ra7 Rxd5 43. Rxe7 Kf6 44. Re1 Rxh5 45. b4 Re5 46. Rh1 h5 47. Kc4 Ke6 48. Kd4 Rg5 49. Re1+ Kd7 50. Rb1 Kc6 51. Ke3 Rd5 52. Ke4 Re5+ 53. Kf4 Rb5 54. Rc1+ Kd5 55. Rd1+ Ke6 56. Re1+ Kf6 57. Re4 Rf5+ 58. Kg3 Rg5+ 59. Kf3 Rd5 60. Kf4 Rd3 61. Rc4 Ke6 62. Kg5 Ke5 63. Kxh5 Rd4 64. Rxd4 Kxd4 65. Kg5 Kc4 66. Kf5 Kxb4 67. Ke4 Kc4 68. Ke3 d5 69. Ke2 Kc3 70. Kd1 d4 0-1

[Event "Ligue elite du dimanche"]
[Site "Montreal CAN"]
[Date "2017.02.26"]
[Round "3"]
[White "Zhu, Hong Rui"]
[Black "Ouellet, Maili-Jade"]
[Result "0-1"]
[WhiteElo "2313"]
[BlackElo "2135"]
[WhiteFideId "-1"]
[WhiteFideId "-1"]
[PlyCount "84"]
[GameId "2160767908478811"]
[EventDate "2017.01.21"]
[EventType "swiss"]
[EventRounds "5"]
[EventCountry "CAN"]
[SourceTitle "EXT 2022"]
[Source "ChessBase"]
[SourceDate "2021.10.06"]
[SourceVersion "1"]
[SourceVersionDate "2021.10.06"]
[SourceQuality "1"]

1. e4 c5 2. Ne2 e6 3. g3 Nc6 4. Bg2 Nf6 5. c3 d5 6. exd5 Nxd5 7. d4 cxd4 8. Nxd4 Bd7 9. O-O Be7 10. c4 Nb6 11. Nc3 Nxc4 12. Nxc6 Bxc6 13. Bxc6+ bxc6 14. Qg4 Ne5 15. Qxg7 Bf6 16. Qh6 Nf3+ 17. Kh1 Bxc3 18. bxc3 Qd5 19. Qf6 Rg8 20. Ba3 c5 21. Rfd1 Qc6 22. Rac1 Nh4+ 23. f3 Nxf3 24. c4 Nd4+ 25. Kg1 Ne2+ 26. Kf2 Nxc1 27. Bxc1 Qa4 28. Qf3 Rb8 29. Bf4 Rc8 30. Qb7 Qc6 31. Qb1 Rg6 32. Rd6 Qa8 33. h4 Rb8 34. Qc2 Qh1 35. Qa4+ Kf8 36. Rd1 Qh2+ 37. Kf3 Rb2 38. Rd8+ Kg7 39. Be5+ Rf6+ 40. Bxf6+ Kxf6 41. Qd1 Qf2+ 42. Ke4 Re2+ 0-1